Marley steals the show / (Record no. 4374)

MARC details
000 -LEADER
fixed length control field 01057cam a22002897a 4500
005 - DATE AND TIME OF LATEST TRANSACTION
control field 20240816090412.0
020 ## - INTERNATIONAL STANDARD BOOK NUMBER
International Standard Book Number 9780061853777
040 ## - CATALOGING SOURCE
Original cataloging agency DLC
Transcribing agency DLC
Language of cataloging eng
050 00 - LIBRARY OF CONGRESS CALL NUMBER
Classification number 419
100 1# - MAIN ENTRY--PERSONAL NAME
Personal name Le Ny, Jeanine
245 10 - TITLE STATEMENT
Title Marley steals the show /
250 ## - EDITION STATEMENT
Edition statement First edition
260 ## - PUBLICATION, DISTRIBUTION, ETC.
Place of publication, distribution, etc. New York :
Name of publisher, distributor, etc. HarperFestival ,
Date of publication, distribution, etc. 2010 .
300 ## - PHYSICAL DESCRIPTION
Extent 24 unnumbered pages :
Other physical details color illustrations ;
Dimensions 21 cm .
490 ## - SERIES STATEMENT
Series statement Marley
505 ## - FORMATTED CONTENTS NOTE
Formatted contents note O <br/>
520 ## - SUMMARY, ETC.
Summary, etc. Marley's family has big hopes when they enter him in the local pet show, but things don't go as planned. From grooming disasters to chaos backstage, this is the one event the town will never forget. Will Marley's giant personality be enough to take home the prize?
521 1# - TARGET AUDIENCE NOTE
Target audience note 600 <br/>
Source Lexile <br/>
521 1# - TARGET AUDIENCE NOTE
Target audience note O <br/>
Source Raz-Plus <br/>
650 ## - SUBJECT ADDED ENTRY--TOPICAL TERM
Topical term or geographic name entry element dog show
Form subdivision children's book
700 1# - ADDED ENTRY--PERSONAL NAME
Personal name Grogan, John
Dates associated with a name 1957-
700 1# - ADDED ENTRY--PERSONAL NAME
Personal name Cowdrey, Richard
Relator term illustrator
700 1# - ADDED ENTRY--PERSONAL NAME
Personal name Lyon, Tammie
Relator term illustrator
906 ## - LOCAL DATA ELEMENT F, LDF (RLIN)
a 7
b cbc
c orignew
d 4
e epcn
f 20
g y-gencatlg
942 ## - ADDED ENTRY ELEMENTS (KOHA)
Source of classification or shelving scheme Dewey Decimal Classification
Koha item type Books
Suppress in OPAC No
999 ## -
-- 4374
-- 4374
Holdings
Withdrawn status Lost status Source of classification or shelving scheme Damaged status Not for loan Collection Home library Current library Shelving location Date acquired Total Checkouts Full call number Barcode Date last seen Price effective from Koha item type Copy number
    Dewey Decimal Classification     Juvenile Fiction Footprints International School Library Network Toul Kork Campus Footprints International School Library Network Toul Kork Campus   08/16/2024   LEN 419 FIS03710 08/16/2024 08/16/2024 Books  
    Dewey Decimal Classification     Juvenile Fiction Footprints International School Library Network Toul Kork Campus Footprints International School Library Network Toul Kork Campus TK Primary Library Room(4th Floor), Bookcase 3&4, Shelves 17-32, Yellow Books 10/18/2024   LEN 419 2024-2167 10/18/2024 10/18/2024 Books 2